000 00455nam a2200169Ia 4500
008 230718s9999 xx 000 0 und d
020 _a9789380942599
041 _aeng
082 _a954
_bSIN
100 _aSingh K.V.
_9193420
245 _aLesser Turned Pages of India
260 _c2011
_bTimes Group Books
300 _a304
365 _cRs.
_b349.00
700 _aSingh K.V.
_9193420
906 _dO:0281023-Apr-2012B:1108823-Apr-2012
_cGENRL
_b87.25
999 _c330551
_d330551